Painting : (Record no. 27302)
[ view plain ]
| 000 -LEADER | |
|---|---|
| fixed length control field | 01409pam a2200361 a 4500 |
| 001 - CONTROL NUMBER | |
| control field | 2980001 |
| 005 - DATE AND TIME OF LATEST TRANSACTION | |
| control field | 20170208092821.0 |
| 008 - FIXED-LENGTH DATA ELEMENTS--GENERAL INFORMATION | |
| fixed length control field | 920316s1992 nyua j 001 0 eng |
| 010 ## - LIBRARY OF CONGRESS CONTROL NUMBER | |
| LC control number | 92052987 |
| 020 ## - INTERNATIONAL STANDARD BOOK NUMBER | |
| International Standard Book Number | 1562822977 (lib. bdg.) |
| 020 ## - INTERNATIONAL STANDARD BOOK NUMBER | |
| International Standard Book Number | 1562822969 (trade) |
| 042 ## - AUTHENTICATION CODE | |
| Authentication code | lcac |
| 050 00 - LIBRARY OF CONGRESS CALL NUMBER | |
| Classification number | ND1146 .P45 1992 |
| 100 1# - MAIN ENTRY--PERSONAL NAME | |
| Personal name | Pekarik, Andrew. |
| 245 10 - TITLE STATEMENT | |
| Title | Painting : |
| Remainder of title | behind the scenes / |
| Statement of responsibility, etc. | Andrew Pekarik. |
| 250 ## - EDITION STATEMENT | |
| Edition statement | 1st ed. |
| 260 ## - PUBLICATION, DISTRIBUTION, ETC. (IMPRINT) | |
| Place of publication, distribution, etc. | New York : |
| Name of publisher, distributor, etc. | Hyperion Books for Children, |
| Date of publication, distribution, etc. | c1992. |
| 300 ## - PHYSICAL DESCRIPTION | |
| Extent | iv, 60 p. : |
| Other physical details | col. ill. ; |
| Dimensions | 21 x 27 cm. |
| 500 ## - GENERAL NOTE | |
| General note | "Companion book to the PBS series Behind the scenes"--Cover. |
| 500 ## - GENERAL NOTE | |
| General note | Includes index. |
| 520 ## - SUMMARY, ETC. | |
| Summary, etc. | Discusses painting from an artist's viewpoint and uses specific examples to point out how to discover the details in a painting. |
| 650 #0 - SUBJECT ADDED ENTRY--TOPICAL TERM | |
| Topical term or geographic name as entry element | Painting |
| General subdivision | Appreciation |
| -- | Juvenile literature. |
| 650 #1 - SUBJECT ADDED ENTRY--TOPICAL TERM | |
| Topical term or geographic name as entry element | Painting. |
| 650 #1 - SUBJECT ADDED ENTRY--TOPICAL TERM | |
| Topical term or geographic name as entry element | Art appreciation. |
| 730 0# - ADDED ENTRY--UNIFORM TITLE | |
| Uniform title | Behind the scenes (Television program) |
| 942 ## - ADDED ENTRY ELEMENTS (KOHA) | |
| Source of classification or shelving scheme | |
| Koha item type | Hard Covered Materials |
| Withdrawn status | Lost status | Source of classification or shelving scheme | Damaged status | Not for loan | Home library | Current library | Shelving location | Date acquired | Source of acquisition | Total Checkouts | Full call number | Barcode | Date last seen | Price effective from | Koha item type |
|---|---|---|---|---|---|---|---|---|---|---|---|---|---|---|---|
| MACHAKOS UNIVERSITY LIBRARY | MACHAKOS UNIVERSITY LIBRARY | Technical section | 08/02/2017 | Donation(BFA) | ND1146 .P45 1992 | 34303 | 31/07/2018 | 08/02/2017 | Hard Covered Materials |